000 00541nam a2200181Ia 4500
003 OSt
005 20250311164546.0
008 230410b ||||| |||| 00| 0 eng d
040 _cAL
041 _aKannada
082 _a455/21
100 _aPUTTAPPA (KV)
_985552
_dಪುಟ್ಟಪ್ಪ (ಕೆ ವಿ)
245 _aKannada kaipidi samputa 2
_bಕನ್ನಡ ಕೈಪಿಡಿ : ಸಂಪುಟ ೨
260 _aMaisuru Vishvavidyalaya
_c1927
650 _aKuvempu
_9205690
690 _aKannada Grammar
_985575
942 _2ddc
_cBK
999 _c77831
_d77831